| 000 | 00757nam a2200265 i 4500 | ||
|---|---|---|---|
| 001 | 11592 | ||
| 003 | ES-MaACL | ||
| 005 | 20250729042038.0 | ||
| 007 | t| | ||
| 008 | 921202s1987 sp ||||0| spa d | ||
| 016 | 7 | _zCHM920016711 | |
| 020 | _a84-85942-48-5 | ||
| 040 |
_aCHM _bspa _cCHM |
||
| 080 | _a342:347.734 | ||
| 080 | _a347.734:342 | ||
| 245 | 0 | 0 |
_aEstudios de derecho público bancario / _cSebastián Martín-Retortillo Baquer... [et.al.]. |
| 250 | _a[1ª ed.]. | ||
| 260 |
_aMadrid : _bCeura, _c1987. |
||
| 300 |
_a463 p ; _c25 cm. |
||
| 650 | 1 | 7 |
_aDerecho público _2embne _911763 |
| 650 | 1 | 4 |
_aBancos. _910484 |
| 700 | 1 |
_aMartín-Retortillo, Sebastián. _977627 |
|
| 852 |
_aES-MaACL _jL-18969 _bR.123931 |
||
| 999 |
_c11592 _d11592 |
||